| 000 | 00681nam a2200217 a 4500 | ||
|---|---|---|---|
| 005 | 20230310063617.0 | ||
| 008 | 101020s1985 es r 000 0 spa d | ||
| 020 | _a8476343566 | ||
| 035 | _aUPN01000178298 | ||
| 049 | _aCG | ||
| 050 | 4 |
_aPR4731 _bA9a |
|
| 100 | 1 |
_aHaggard, Henry Rider, _cSir, _d1856-1925 _928376 |
|
| 245 | 1 | 0 |
_aAyesha, el retorno de ella / _cHenry Rider Haggard ; tr. Francisca Trepat. |
| 260 |
_aBarcelona, Esp. : _bOrbis, _c1985. |
||
| 300 | _a255 p. | ||
| 440 | 4 |
_aLas grandes novelas de aventuras ; _v60 |
|
| 534 |
_pTÃtulo original: _tThe return of she |
||
| 650 | 4 |
_aNovela inglesa _94471 |
|
| 650 | 0 |
_aAventuras y aventureros _94121 |
|
| 905 | _aLibro | ||
| 999 |
_c150401 _d150401 |
||